| 000 | 00729cam a2200217 a 4500 | ||
|---|---|---|---|
| 020 | _a0070539413 : | ||
| 082 | 0 |
_a621.862 _bROS _cL-13, P-88 |
|
| 100 | 1 |
_aRossnagel, W. E. _942138 |
|
| 245 | 1 | 0 |
_aHandbook of rigging for construction and industrial operations / _cW.E. Rossnagel, Lindley R. Higgins, Joseph A. MacDonald. |
| 250 | _a4th ed. | ||
| 260 |
_aNew York : _bMcGraw-Hill, _cc1988. |
||
| 300 |
_axi, 532 p. : _bill. ; _c24 cm. |
||
| 500 | _aIncludes index. | ||
| 526 |
_a0 _b0 _c0 _d621_862000000000000_ROS |
||
| 650 | 0 |
_aHoisting machinery _xRigging. _942139 |
|
| 650 | 0 |
_aMCE _9379 |
|
| 650 | 0 |
_aScaffolding. _942140 |
|
| 700 | 1 |
_aHiggins, Lindley R. _942141 |
|
| 700 | 1 |
_aMacDonald, Joseph A. _942142 |
|
| 942 |
_2ddc _cBK |
||
| 999 |
_c546084 _d546084 |
||